[Event "WYCC Girls U16"]
[Site "Porto Carras"]
[Date "2015.10.29"]
[Round "5.5"]
[White "Avramidou, Anastasia"]
[Black "Toporkova, Sofia"]
[Result "1-0"]
[BlackElo "1950"]
[WhiteElo "2249"]
[LiveChessVersion "1.4.6"]

1. e4 {[%clk 1:30:57]} e6 {[%clk 1:30:50]} 2. d4 {[%clk 1:31:21]} d5
{[%clk 1:31:16]} 3. Nd2 {[%clk 1:31:46]} Nc6 {[%clk 1:31:28]} 4. Ngf3
{[%clk 1:31:27]} Nf6 {[%clk 1:31:41]} 5. e5 {[%clk 1:31:39]} Nd7 {[%clk 1:32:05]}
6. Bd3 {[%clk 1:31:59]} Nb4 {[%clk 1:32:16]} 7. Be2 {[%clk 1:31:12]} c5
{[%clk 1:32:40]} 8. c3 {[%clk 1:31:38]} Nc6 {[%clk 1:33:07]} 9. O-O
{[%clk 1:30:54]} Be7 {[%clk 1:25:28]} 10. Bd3 {[%clk 1:31:03]} g5
{[%clk 1:23:18]} 11. dxc5 {[%clk 1:28:41]} g4 {[%clk 1:18:11]} 12. Nd4
{[%clk 1:27:26]} Ncxe5 {[%clk 1:12:32]} 13. Bb5 {[%clk 1:18:35]} Bxc5
{[%clk 1:02:00]} 14. Qe2 {[%clk 1:13:48]} Qf6 {[%clk 0:52:24]} 15. f4
{[%clk 1:03:07]} gxf3 {[%clk 0:33:05]} 16. N2xf3 {[%clk 1:03:27]} Nxf3+
{[%clk 0:30:27]} 17. Rxf3 {[%clk 1:03:51]} Bxd4+ {[%clk 0:29:35]} 18. cxd4
{[%clk 1:04:19]} Qxd4+ {[%clk 0:29:55]} 19. Be3 {[%clk 1:04:20]} Qg4
{[%clk 0:23:22]} 20. Qf2 {[%clk 0:59:27]} f5 {[%clk 0:18:59]} 21. Bd4
{[%clk 0:49:35]} Rf8 {[%clk 0:19:13]} 22. Re1 {[%clk 0:49:20]} f4
{[%clk 0:19:23]} 23. Rh3 {[%clk 0:42:54]} Rg8 {[%clk 0:13:59]} 24. Rh4
{[%clk 0:40:16]} Qg6 {[%clk 0:13:12]} 25. Rxf4 {[%clk 0:40:30]} Ke7
{[%clk 0:11:30]} 26. Bc5+ {[%clk 0:38:12]} Kd8 {[%clk 0:11:25]} 27. Bd6
{[%clk 0:37:05]} Re8 {[%clk 0:07:12]} 28. Qh4+ 1-0

[Event "WYCC Girls U16"]
[Site "Porto Carras"]
[Date "2015.10.29"]
[Round "5.6"]
[White "Rogozenco, Teodora"]
[Black "Eswaran, Ashritha"]
[Result "1-0"]
[BlackElo "2207"]
[WhiteElo "2110"]
[LiveChessVersion "1.4.6"]

1. d4 {[%clk 1:30:57]} Nf6 {[%clk 1:30:37]} 2. c4 {[%clk 1:31:22]} e6
{[%clk 1:30:37]} 3. Nc3 {[%clk 1:31:36]} Bb4 {[%clk 1:30:31]} 4. Qc2
{[%clk 1:32:00]} c5 {[%clk 1:30:18]} 5. dxc5 {[%clk 1:32:15]} O-O
{[%clk 1:30:03]} 6. Nf3 {[%clk 1:31:56]} Bxc5 {[%clk 1:27:00]} 7. Bg5
{[%clk 1:16:44]} Be7 {[%clk 1:20:40]} 8. e3 {[%clk 1:16:20]} Ne8 {[%clk 1:18:56]}
9. Bf4 {[%clk 1:05:00]} Nc6 {[%clk 1:17:35]} 10. Rd1 {[%clk 0:58:50]} f5
{[%clk 1:15:29]} 11. h3 {[%clk 0:57:17]} Qa5 {[%clk 1:08:56]} 12. a3
{[%clk 0:53:57]} Bf6 {[%clk 1:06:35]} 13. Rd3 {[%clk 0:49:20]} a6
{[%clk 0:58:43]} 14. Qc1 {[%clk 0:38:49]} e5 {[%clk 0:48:07]} 15. Rd5
{[%clk 0:38:51]} Qc7 {[%clk 0:48:02]} 16. Bh2 {[%clk 0:38:15]} d6
{[%clk 0:47:47]} 17. Rd1 {[%clk 0:29:55]} Be6 {[%clk 0:45:24]} 18. Nd5
{[%clk 0:28:49]} Bxd5 {[%clk 0:44:00]} 19. Rxd5 {[%clk 0:29:15]} e4
{[%clk 0:43:24]} 20. Ng1 {[%clk 0:24:27]} Ne5 {[%clk 0:41:34]} 21. c5
{[%clk 0:18:11]} b6 {[%clk 0:35:46]} 22. Qd2 {[%clk 0:16:44]} bxc5
{[%clk 0:35:34]} 23. Rxe5 {[%clk 0:16:56]} Rb8 {[%clk 0:30:42]} 24. Bc4+
{[%clk 0:16:36]} Kh8 {[%clk 0:30:49]} 25. Rxe8 {[%clk 0:15:52]} Rfxe8
{[%clk 0:28:32]} 26. Bxd6 {[%clk 0:16:18]} Qb6 {[%clk 0:27:33]} 27. Bxb8
{[%clk 0:16:42]} Rd8 {[%clk 0:27:28]} 28. Qc1 {[%clk 0:13:49]} Qa5+
{[%clk 0:23:17]} 29. Kf1 {[%clk 0:13:32]} Bxb2 {[%clk 0:23:19]} 30. Qc2
{[%clk 0:10:15]} Rxb8 {[%clk 0:20:15]} 31. g3 {[%clk 0:09:48]} Bxa3
{[%clk 0:15:52]} 32. Ne2 {[%clk 0:09:32]} Rb2 {[%clk 0:15:05]} 33. Qd1
{[%clk 0:09:38]} Rd2 {[%clk 0:15:03]} 34. Qb1 {[%clk 0:08:34]} Rb2
{[%clk 0:13:28]} 35. Qd1 {[%clk 0:04:30]} Rd2 {[%clk 0:13:10]} 36. Qe1
{[%clk 0:03:41]} Qb4 {[%clk 0:07:15]} 37. Bxa6 {[%clk 0:01:45]} Rc2
{[%clk 0:01:33]} 38. Kg2 {[%clk 0:01:22]} Qxe1 {[%clk 0:01:05]} 39. Rxe1
{[%clk 0:01:48]} Bb4 {[%clk 0:01:32]} 40. Rc1 {[%clk 0:31:08]} Rd2
{[%clk 0:30:52]} 41. Nf4 {[%clk 0:29:00]} g6 {[%clk 0:24:33]} 42. Ne6
{[%clk 0:24:53]} Rd6 {[%clk 0:20:55]} 43. Bc4 {[%clk 0:25:19]} h6
{[%clk 0:20:09]} 44. Ra1 {[%clk 0:25:38]} Rc6 {[%clk 0:17:50]} 45. Ra8+
{[%clk 0:25:41]} Kh7 {[%clk 0:18:07]} 46. Ra7+ {[%clk 0:25:49]} Kh8
{[%clk 0:18:19]} 47. Nf8 {[%clk 0:25:46]} Rf6 {[%clk 0:16:05]} 48. Rh7# 1-0

[Event "WYCC Girls U16"]
[Site "Porto Carras"]
[Date "2015.10.29"]
[Round "5.7"]
[White "Narva, Mai"]
[Black "Aakanksha, Hagawane"]
[Result "1-0"]
[BlackElo "2061"]
[WhiteElo "2203"]
[LiveChessVersion "1.4.6"]

1. e4 {[%clk 1:30:57]} e5 {[%clk 1:30:50]} 2. Nf3 {[%clk 1:31:17]} Nc6
{[%clk 1:31:14]} 3. Bb5 {[%clk 1:31:36]} a6 {[%clk 1:31:28]} 4. Ba4
{[%clk 1:31:55]} Nf6 {[%clk 1:31:44]} 5. O-O {[%clk 1:32:03]} b5 {[%clk 1:31:59]}
6. Bb3 {[%clk 1:32:25]} Bc5 {[%clk 1:32:21]} 7. a4 {[%clk 1:32:08]} Rb8
{[%clk 1:32:32]} 8. Nxe5 {[%clk 1:32:23]} Nxe5 {[%clk 1:32:31]} 9. d4
{[%clk 1:32:42]} Bxd4 {[%clk 1:32:31]} 10. Qxd4 {[%clk 1:32:42]} d6
{[%clk 1:32:49]} 11. Bf4 {[%clk 1:33:14]} c5 {[%clk 1:29:55]} 12. Qd2
{[%clk 1:33:23]} O-O {[%clk 1:24:08]} 13. f3 {[%clk 1:33:32]} c4 {[%clk 1:19:20]}
14. Ba2 {[%clk 1:33:50]} Qb6+ {[%clk 1:17:35]} 15. Kh1 {[%clk 1:32:44]} Be6
{[%clk 1:11:01]} 16. Nc3 {[%clk 1:32:32]} b4 {[%clk 0:59:59]} 17. Ne2
{[%clk 1:30:35]} b3 {[%clk 0:56:27]} 18. Bb1 {[%clk 1:30:28]} Rfc8
{[%clk 0:44:57]} 19. c3 {[%clk 1:23:38]} Nfd7 {[%clk 0:38:04]} 20. Be3
{[%clk 1:19:23]} Nc5 {[%clk 0:31:32]} 21. f4 {[%clk 1:19:05]} Ned3
{[%clk 0:30:46]} 22. Bxd3 {[%clk 1:19:05]} cxd3 {[%clk 0:30:46]} 23. Bxc5
{[%clk 1:17:39]} Qxc5 {[%clk 0:29:43]} 24. Qxd3 {[%clk 1:16:32]} Bc4
{[%clk 0:29:59]} 25. Qf3 {[%clk 1:15:36]} f5 {[%clk 0:27:26]} 26. exf5
{[%clk 1:14:43]} Re8 {[%clk 0:27:49]} 27. Nd4 {[%clk 1:13:45]} Bxf1
{[%clk 0:27:44]} 28. Rxf1 {[%clk 1:13:49]} Qc4 {[%clk 0:20:45]} 29. Kg1
{[%clk 1:10:42]} Qf7 {[%clk 0:19:52]} 30. Qc6 {[%clk 1:07:50]} Qb7
{[%clk 0:11:38]} 31. Qxd6 {[%clk 1:05:48]} Rbd8 {[%clk 0:11:45]} 32. Qc5
{[%clk 1:05:52]} Qd5 {[%clk 0:10:45]} 33. Qa7 {[%clk 1:01:28]} Ra8
{[%clk 0:08:20]} 34. Qb6 {[%clk 1:01:28]} Reb8 {[%clk 0:07:34]} 35. Qe6+
{[%clk 1:01:21]} Qxe6 {[%clk 0:08:02]} 36. fxe6 {[%clk 1:01:39]} Rb7
{[%clk 0:07:55]} 37. Re1 {[%clk 1:01:40]} Rc8 {[%clk 0:06:47]} 38. Nf5
{[%clk 1:01:15]} Rbc7 {[%clk 0:06:10]} 39. e7 {[%clk 1:01:20]} Re8
{[%clk 0:06:27]} 40. Rd1 {[%clk 1:31:09]} Rcxe7 {[%clk 0:30:38]} 41. Nxe7+
{[%clk 1:31:22]} Rxe7 {[%clk 0:31:08]} 42. Rd8+ {[%clk 1:30:33]} Kf7
{[%clk 0:31:35]} 43. Rb8 {[%clk 1:30:51]} Re4 {[%clk 0:30:25]} 44. Rb4
{[%clk 1:30:11]} Re1+ {[%clk 0:26:33]} 45. Kf2 {[%clk 1:30:35]} Ra1
{[%clk 0:27:00]} 46. g3 {[%clk 1:30:22]} a5 {[%clk 0:26:29]} 47. Rxb3
{[%clk 1:30:28]} Rxa4 {[%clk 0:26:54]} 48. Ra3 {[%clk 1:30:47]} Rxa3
{[%clk 0:26:52]} 49. bxa3 {[%clk 1:31:11]} Ke6 {[%clk 0:27:15]} 50. Ke3
{[%clk 1:31:28]} Kd5 {[%clk 0:27:41]} 51. Kd3 {[%clk 1:31:41]} a4
{[%clk 0:27:53]} 52. c4+ {[%clk 1:32:02]} Kc5 {[%clk 0:28:21]} 53. g4
{[%clk 1:32:18]} h6 {[%clk 0:28:18]} 54. h4 {[%clk 1:32:29]} g6 {[%clk 0:28:10]}
55. f5 {[%clk 1:32:31]} gxf5 {[%clk 0:28:34]} 56. gxf5 {[%clk 1:32:54]} h5 1-0

[Event "WYCC Girls U16"]
[Site "Porto Carras"]
[Date "2015.10.29"]
[Round "5.8"]
[White "Yao, Lan"]
[Black "Gazikova, Veronika"]
[Result "0-1"]
[BlackElo "2190"]
[WhiteElo "2008"]
[LiveChessVersion "1.4.6"]

1. e4 {[%clk 1:30:58]} Nf6 {[%clk 1:30:53]} 2. e5 {[%clk 1:31:22]} Nd5
{[%clk 1:31:18]} 3. d4 {[%clk 1:31:48]} d6 {[%clk 1:31:43]} 4. c4
{[%clk 1:32:11]} Nb6 {[%clk 1:32:09]} 5. exd6 {[%clk 1:32:34]} exd6
{[%clk 1:32:33]} 6. Nc3 {[%clk 1:32:28]} Nc6 {[%clk 1:32:59]} 7. Be3
{[%clk 1:30:12]} Be7 {[%clk 1:33:21]} 8. Bd3 {[%clk 1:28:29]} O-O
{[%clk 1:32:36]} 9. Nge2 {[%clk 1:26:12]} Nb4 {[%clk 1:30:59]} 10. b3
{[%clk 1:24:54]} Nxd3+ {[%clk 1:31:22]} 11. Qxd3 {[%clk 1:25:22]} Bg4
{[%clk 1:28:11]} 12. O-O {[%clk 1:25:11]} Qd7 {[%clk 1:25:35]} 13. Ng3
{[%clk 1:22:52]} d5 {[%clk 1:23:57]} 14. c5 {[%clk 1:20:27]} Nc8 {[%clk 1:24:12]}
15. f3 {[%clk 1:14:02]} Be6 {[%clk 1:24:35]} 16. Nce2 {[%clk 1:12:45]} g6
{[%clk 1:18:07]} 17. Nf4 {[%clk 1:06:16]} Bf6 {[%clk 1:17:51]} 18. Nxe6
{[%clk 1:04:10]} fxe6 {[%clk 1:12:58]} 19. Rfe1 {[%clk 0:59:51]} Ne7
{[%clk 1:12:18]} 20. b4 {[%clk 0:51:50]} Nc6 {[%clk 1:10:48]} 21. Qd2
{[%clk 0:40:58]} b6 {[%clk 1:02:46]} 22. Rac1 {[%clk 0:33:11]} bxc5
{[%clk 1:02:14]} 23. dxc5 {[%clk 0:32:21]} Qf7 {[%clk 0:50:50]} 24. Ne2
{[%clk 0:25:11]} Ne5 {[%clk 0:46:30]} 25. Bh6 {[%clk 0:20:31]} Rfe8
{[%clk 0:44:04]} 26. Nd4 {[%clk 0:15:09]} Nc4 {[%clk 0:42:42]} 27. Qd3
{[%clk 0:14:26]} e5 {[%clk 0:33:26]} 28. Nb5 {[%clk 0:10:36]} c6 {[%clk 0:31:18]}
29. Nc3 {[%clk 0:09:10]} Rad8 {[%clk 0:24:26]} 30. a4 {[%clk 0:05:11]} Bh4
{[%clk 0:14:29]} 31. Rf1 {[%clk 0:04:10]} Qf5 {[%clk 0:14:16]} 32. Ne4
{[%clk 0:01:36]} Qh5 {[%clk 0:11:09]} 33. Rxc4 {[%clk 0:01:11]} Qxh6
{[%clk 0:10:41]} 34. Nd6 {[%clk 0:01:29]} Rxd6 {[%clk 0:08:27]} 35. Rxh4
{[%clk 0:01:44]} Qxh4 {[%clk 0:08:52]} 36. cxd6 {[%clk 0:02:11]} Qxb4
{[%clk 0:08:54]} 37. d7 {[%clk 0:02:06]} Rd8 {[%clk 0:07:45]} 38. Qa6
{[%clk 0:00:44]} Qc5+ {[%clk 0:01:43]} 39. Kh1 {[%clk 0:00:58]} Qc4
{[%clk 0:02:08]} 40. Qxc4 {[%clk 0:31:04]} dxc4 {[%clk 0:32:34]} 41. Rd1
{[%clk 0:31:27]} c3 {[%clk 0:32:27]} 42. Kg1 {[%clk 0:31:17]} Rxd7
{[%clk 0:32:40]} 43. Rc1 {[%clk 0:31:37]} Rd3 {[%clk 0:32:55]} 44. Kf2
{[%clk 0:31:54]} c5 {[%clk 0:32:54]} 45. Ke2 {[%clk 0:27:47]} c4 {[%clk 0:30:52]}
46. Rb1 {[%clk 0:27:59]} Rd2+ {[%clk 0:30:35]} 47. Ke3 {[%clk 0:28:23]} Rxg2
{[%clk 0:27:48]} 48. Rb4 {[%clk 0:28:20]} Rxh2 {[%clk 0:26:48]} 49. Rxc4
{[%clk 0:28:44]} c2 {[%clk 0:26:18]} 50. Rc7 {[%clk 0:29:05]} Rh4
{[%clk 0:22:35]} 51. Rxc2 {[%clk 0:29:13]} Rxa4 {[%clk 0:23:02]} 52. Rc5
{[%clk 0:29:37]} Ra1 {[%clk 0:22:16]} 53. Kf2 {[%clk 0:29:48]} Kg7
{[%clk 0:22:09]} 54. Rxe5 {[%clk 0:30:07]} a5 {[%clk 0:22:28]} 55. Rb5
{[%clk 0:30:10]} a4 {[%clk 0:22:39]} 56. Ra5 {[%clk 0:30:33]} a3 {[%clk 0:22:26]}
57. Ra7+ {[%clk 0:30:37]} Kf6 {[%clk 0:21:53]} 58. Kg2 {[%clk 0:30:59]} h5
{[%clk 0:22:18]} 59. Ra8 {[%clk 0:31:13]} a2 {[%clk 0:22:32]} 60. Ra6+
{[%clk 0:29:20]} Kf5 {[%clk 0:22:13]} 61. Ra5+ {[%clk 0:28:11]} Kf4
{[%clk 0:21:30]} 62. Ra4+ {[%clk 0:28:00]} Ke3 {[%clk 0:21:30]} 63. Ra3+
{[%clk 0:28:09]} Ke2 {[%clk 0:20:19]} 64. Ra8 {[%clk 0:28:30]} h4
{[%clk 0:20:05]} 65. Re8+ {[%clk 0:28:51]} Kd3 {[%clk 0:20:31]} 66. Rd8+
{[%clk 0:29:00]} Ke3 {[%clk 0:20:46]} 67. Re8+ {[%clk 0:29:10]} Kf4
{[%clk 0:21:00]} 68. Rf8+ {[%clk 0:27:57]} Kg5 {[%clk 0:21:24]} 69. Ra8
{[%clk 0:28:15]} h3+ {[%clk 0:21:11]} 70. Kh2 {[%clk 0:28:38]} Kf4
{[%clk 0:20:22]} 71. Ra3 {[%clk 0:27:04]} g5 {[%clk 0:20:33]} 72. Ra4+
{[%clk 0:24:23]} Kxf3 {[%clk 0:20:47]} 73. Ra8 {[%clk 0:24:38]} Re1
{[%clk 0:15:52]} 74. Ra3+ {[%clk 0:24:54]} Re3 {[%clk 0:16:10]} 75. Ra8
{[%clk 0:24:39]} g4 {[%clk 0:14:38]} 76. Rf8+ {[%clk 0:24:38]} Ke4
{[%clk 0:14:55]} 77. Ra8 {[%clk 0:21:27]} Re2+ {[%clk 0:15:05]} 78. Kh1
{[%clk 0:21:31]} Re1+ {[%clk 0:14:35]} 79. Kh2 {[%clk 0:21:56]} a1=Q
{[%clk 0:14:43]} 80. Re8+ {[%clk 0:22:18]} Qe5+ {[%clk 0:15:02]} 0-1

[Event "WYCC Girls U16"]
[Site "Porto Carras"]
[Date "2015.10.29"]
[Round "5.9"]
[White "Alinasab, Mobina"]
[Black "Harshita, Guddanti"]
[Result "1/2-1/2"]
[BlackElo "2181"]
[WhiteElo "1993"]
[LiveChessVersion "1.4.6"]

1. e4 {[%clk 1:30:58]} c5 {[%clk 1:30:48]} 2. Nf3 {[%clk 1:31:23]} d6
{[%clk 1:31:11]} 3. d4 {[%clk 1:31:48]} cxd4 {[%clk 1:31:35]} 4. Nxd4
{[%clk 1:32:12]} Nf6 {[%clk 1:32:01]} 5. Nc3 {[%clk 1:32:34]} g6 {[%clk 1:32:25]}
6. Be3 {[%clk 1:32:58]} Bg7 {[%clk 1:32:50]} 7. f3 {[%clk 1:33:23]} O-O
{[%clk 1:33:09]} 8. Qd2 {[%clk 1:33:49]} Nc6 {[%clk 1:33:35]} 9. O-O-O
{[%clk 1:34:10]} d5 {[%clk 1:33:47]} 10. Qe1 {[%clk 1:34:38]} e5 {[%clk 1:32:57]}
11. Nxc6 {[%clk 1:35:00]} bxc6 {[%clk 1:33:22]} 12. exd5 {[%clk 1:35:23]} Nxd5
{[%clk 1:33:33]} 13. Bc4 {[%clk 1:35:33]} Be6 {[%clk 1:33:55]} 14. Ne4
{[%clk 1:36:02]} Qc7 {[%clk 1:33:28]} 15. Bc5 {[%clk 1:35:55]} Rfd8
{[%clk 1:33:43]} 16. h4 {[%clk 1:35:31]} h6 {[%clk 1:32:45]} 17. g4
{[%clk 1:30:14]} Nf4 {[%clk 1:29:31]} 18. Bxe6 {[%clk 1:30:22]} Nxe6
{[%clk 1:28:23]} 19. Bd6 {[%clk 1:29:27]} Qb6 {[%clk 1:27:07]} 20. g5
{[%clk 1:06:42]} Nd4 {[%clk 1:10:02]} 21. c3 {[%clk 0:57:13]} Nf5
{[%clk 1:02:07]} 22. Bc5 {[%clk 0:49:56]} Qa5 {[%clk 0:56:16]} 23. gxh6
{[%clk 0:43:34]} Nxh6 {[%clk 0:42:54]} 24. Ba3 {[%clk 0:42:07]} Rxd1+
{[%clk 0:40:30]} 25. Qxd1 {[%clk 0:42:30]} Qd5 {[%clk 0:40:31]} 26. Qxd5
{[%clk 0:15:11]} cxd5 {[%clk 0:40:54]} 27. Ng3 {[%clk 0:15:36]} f5
{[%clk 0:37:45]} 28. Ne2 {[%clk 0:13:17]} f4 {[%clk 0:32:18]} 29. Bc5
{[%clk 0:13:32]} Nf5 {[%clk 0:28:49]} 30. Bf2 {[%clk 0:13:36]} a6
{[%clk 0:25:30]} 31. Rd1 {[%clk 0:13:08]} Rd8 {[%clk 0:25:25]} 32. c4
{[%clk 0:11:49]} d4 {[%clk 0:25:27]} 33. Kd2 {[%clk 0:12:08]} Bf6
{[%clk 0:24:46]} 34. Kd3 {[%clk 0:11:27]} Bxh4 {[%clk 0:21:53]} 35. Bxh4
{[%clk 0:11:08]} Nxh4 {[%clk 0:22:18]} 36. Ke4 {[%clk 0:11:31]} Re8
{[%clk 0:16:03]} 37. c5 {[%clk 0:10:34]} Kf7 {[%clk 0:15:09]} 38. b4
{[%clk 0:10:29]} Ke6 {[%clk 0:14:13]} 39. a4 {[%clk 0:10:47]} Rb8
{[%clk 0:12:53]} 40. Rb1 {[%clk 0:40:46]} d3 {[%clk 0:43:02]} 41. Kxd3
{[%clk 0:40:26]} Nxf3 {[%clk 0:43:10]} 42. b5 {[%clk 0:40:34]} axb5
{[%clk 0:36:43]} 43. axb5 {[%clk 0:40:51]} Rd8+ {[%clk 0:35:32]} 44. Kc3
{[%clk 0:40:50]} Nd2 {[%clk 0:35:46]} 45. Rb4 {[%clk 0:37:26]} f3
{[%clk 0:32:29]} 46. Ng3 {[%clk 0:37:41]} f2 {[%clk 0:31:37]} 47. c6
{[%clk 0:37:36]} f1=Q {[%clk 0:30:22]} 48. Nxf1 {[%clk 0:38:03]} Nxf1
{[%clk 0:30:47]} 49. c7 {[%clk 0:38:31]} Re8 {[%clk 0:30:09]} 50. b6
{[%clk 0:37:49]} Kd7 {[%clk 0:30:25]} 51. Rc4 {[%clk 0:33:44]} Kc8
{[%clk 0:29:05]} 52. Kb4 {[%clk 0:32:36]} Ne3 {[%clk 0:26:04]} 53. Rc6
{[%clk 0:32:23]} g5 {[%clk 0:14:19]} 54. Kc5 {[%clk 0:20:11]} g4 {[%clk 0:11:58]}
55. Rf6 {[%clk 0:14:06]} Kb7 {[%clk 0:11:07]} 56. Rd6 {[%clk 0:14:30]} Rc8
{[%clk 0:11:04]} 57. Rd2 {[%clk 0:14:23]} Nc4 {[%clk 0:06:30]} 58. Kxc4
{[%clk 0:12:58]} Kxb6 {[%clk 0:06:54]} 59. Kd5 {[%clk 0:13:11]} 1/2-1/2

[Event "WYCC Girls U16"]
[Site "Porto Carras"]
[Date "2015.10.29"]
[Round "5.10"]
[White "Sieber, Fiona"]
[Black "Cimpean, Andra"]
[Result "1-0"]
[BlackElo "1856"]
[WhiteElo "2180"]
[LiveChessVersion "1.4.6"]

1. e4 {[%clk 1:30:58]} c5 {[%clk 1:30:52]} 2. Nf3 {[%clk 1:31:24]} e6
{[%clk 1:31:14]} 3. d4 {[%clk 1:31:51]} cxd4 {[%clk 1:31:37]} 4. Nxd4
{[%clk 1:32:17]} a6 {[%clk 1:32:01]} 5. Bd3 {[%clk 1:32:41]} g6 {[%clk 1:32:17]}
6. O-O {[%clk 1:32:49]} Bg7 {[%clk 1:32:31]} 7. Nf3 {[%clk 1:31:35]} Ne7
{[%clk 1:31:38]} 8. e5 {[%clk 1:28:11]} Nbc6 {[%clk 1:30:13]} 9. Bf4
{[%clk 1:27:36]} O-O {[%clk 1:29:58]} 10. Nc3 {[%clk 1:21:51]} f6
{[%clk 1:28:13]} 11. exf6 {[%clk 1:18:13]} Rxf6 {[%clk 1:23:31]} 12. Bd6
{[%clk 1:16:10]} Nf5 {[%clk 1:21:21]} 13. Bxf5 {[%clk 1:14:44]} Rxf5
{[%clk 1:20:19]} 14. Qe2 {[%clk 1:11:05]} Nd4 {[%clk 1:10:04]} 15. Nxd4
{[%clk 1:11:13]} Bxd4 {[%clk 1:10:25]} 16. Ne4 {[%clk 0:43:14]} Bxb2
{[%clk 1:00:04]} 17. Rad1 {[%clk 0:43:43]} b6 {[%clk 0:48:06]} 18. c3
{[%clk 0:38:32]} Bb7 {[%clk 0:40:30]} 19. Ng3 {[%clk 0:38:36]} Bxc3
{[%clk 0:34:41]} 20. Nxf5 {[%clk 0:38:57]} gxf5 {[%clk 0:33:37]} 21. Rd3
{[%clk 0:38:48]} Bg7 {[%clk 0:32:18]} 22. Rg3 {[%clk 0:37:18]} Qh4
{[%clk 0:13:33]} 23. Be5 {[%clk 0:36:56]} Bd5 {[%clk 0:12:49]} 24. Rxg7+
{[%clk 0:34:47]} Kf8 {[%clk 0:13:07]} 25. Qb2 {[%clk 0:34:15]} d6
{[%clk 0:06:15]} 26. Bxd6+ {[%clk 0:34:39]} Ke8 {[%clk 0:06:39]} 27. Rc7
{[%clk 0:33:31]} Qg4 {[%clk 0:04:17]} 28. Qh8+ {[%clk 0:33:55]} Qg8
{[%clk 0:04:44]} 29. Qxg8# {[%clk 0:34:21]} 1-0

[Event "WYCC Girls U16"]
[Site "Porto Carras"]
[Date "2015.10.29"]
[Round "5.11"]
[White "Chandreyee, Hajra"]
[Black "Injac, Teodora"]
[Result "0-1"]
[BlackElo "2121"]
[WhiteElo "1928"]
[LiveChessVersion "1.4.6"]

1. e4 {[%clk 1:30:56]} e6 {[%clk 1:30:56]} 2. e5 {[%clk 1:31:01]} c5
{[%clk 1:20:36]} 3. Nf3 {[%clk 1:30:19]} Nc6 {[%clk 1:20:11]} 4. Bd3
{[%clk 1:26:26]} Nge7 {[%clk 1:11:08]} 5. Nc3 {[%clk 1:22:53]} Ng6
{[%clk 1:09:31]} 6. Bxg6 {[%clk 1:22:34]} hxg6 {[%clk 1:09:55]} 7. d3
{[%clk 1:21:32]} d6 {[%clk 1:08:17]} 8. exd6 {[%clk 1:18:28]} Bxd6
{[%clk 1:08:27]} 9. Be3 {[%clk 1:16:42]} b6 {[%clk 0:58:04]} 10. d4
{[%clk 1:13:13]} cxd4 {[%clk 0:51:50]} 11. Nxd4 {[%clk 1:13:29]} Bb7 12. Nf3
{[%clk 0:53:21]} Ne5 {[%clk 0:46:49]} 13. Nb5 {[%clk 0:35:09]} Nxf3+
{[%clk 0:43:33]} 14. gxf3 {[%clk 0:35:32]} Be5 {[%clk 0:39:48]} 15. Qe2
{[%clk 0:27:05]} Qf6 {[%clk 0:34:03]} 16. Bd4 {[%clk 0:16:29]} Bxd4
{[%clk 0:32:15]} 17. Nd6+ {[%clk 0:16:19]} Ke7 {[%clk 0:30:05]} 18. Nxb7
{[%clk 0:16:40]} Qe5 {[%clk 0:29:01]} 19. Nd6 {[%clk 0:10:41]} Kxd6
{[%clk 0:25:58]} 20. Rd1 {[%clk 0:10:58]} Ke7 {[%clk 0:26:21]} 21. c3
{[%clk 0:10:42]} Qxe2+ {[%clk 0:26:46]} 22. Kxe2 {[%clk 0:11:07]} Be5
{[%clk 0:27:04]} 23. Rd3 {[%clk 0:11:31]} Rad8 {[%clk 0:27:12]} 24. Re3
{[%clk 0:11:54]} Rxh2 {[%clk 0:27:13]} 25. Rg1 {[%clk 0:11:15]} Bf4
{[%clk 0:27:28]} 26. Re4 {[%clk 0:10:23]} g5 {[%clk 0:27:25]} 27. Ke1
{[%clk 0:10:19]} Rd5 {[%clk 0:27:07]} 28. Rg4 {[%clk 0:09:41]} f5
{[%clk 0:27:29]} 0-1

[Event "WYCC Girls U16"]
[Site "Porto Carras"]
[Date "2015.10.29"]
[Round "5.12"]
[White "Keetman, Maaike"]
[Black "Georgescu, Lena"]
[Result "0-1"]
[BlackElo "2014"]
[WhiteElo "2115"]
[LiveChessVersion "1.4.6"]

1. e4 {[%clk 1:30:58]} c5 {[%clk 1:30:55]} 2. Nf3 {[%clk 1:31:24]} d6
{[%clk 1:31:21]} 3. d4 {[%clk 1:31:50]} cxd4 {[%clk 1:31:48]} 4. Nxd4
{[%clk 1:32:16]} Nf6 {[%clk 1:32:12]} 5. Nc3 {[%clk 1:32:43]} Nc6
{[%clk 1:32:37]} 6. Bg5 {[%clk 1:32:54]} e6 {[%clk 1:32:48]} 7. Qd2
{[%clk 1:33:14]} a6 {[%clk 1:33:06]} 8. O-O-O {[%clk 1:33:33]} Bd7
{[%clk 1:33:29]} 9. f3 {[%clk 1:33:42]} h6 {[%clk 1:33:47]} 10. Be3
{[%clk 1:34:07]} b5 {[%clk 1:34:13]} 11. Kb1 {[%clk 1:33:48]} Ne5
{[%clk 1:34:20]} 12. Bd3 {[%clk 1:34:00]} Qc7 {[%clk 1:34:07]} 13. Rhe1
{[%clk 1:33:45]} Rb8 {[%clk 1:32:53]} 14. f4 {[%clk 1:28:48]} Nc4
{[%clk 1:33:01]} 15. Bxc4 {[%clk 1:28:51]} bxc4 {[%clk 1:33:22]} 16. Bf2
{[%clk 1:20:54]} Be7 {[%clk 1:25:19]} 17. e5 {[%clk 1:16:52]} dxe5
{[%clk 1:25:41]} 18. fxe5 {[%clk 1:17:05]} Ng4 {[%clk 1:25:52]} 19. Bg3
{[%clk 1:14:56]} O-O {[%clk 1:15:37]} 20. h3 {[%clk 0:55:48]} Ba3
{[%clk 1:15:27]} 21. b3 {[%clk 0:55:44]} Bb4 {[%clk 1:13:47]} 22. Nde2
{[%clk 0:46:20]} Qa5 {[%clk 0:45:37]} 23. hxg4 {[%clk 0:39:55]} Rfc8
{[%clk 0:43:04]} 24. Qxd7 {[%clk 0:28:32]} Bxc3 {[%clk 0:38:13]} 25. Rf1
{[%clk 0:20:25]} cxb3 {[%clk 0:32:57]} 26. cxb3 {[%clk 0:20:45]} Qa3
{[%clk 0:30:51]} 27. Nxc3 {[%clk 0:19:29]} Rxb3+ {[%clk 0:24:06]} 28. axb3
{[%clk 0:19:13]} Qxb3+ {[%clk 0:24:31]} 29. Ka1 {[%clk 0:19:11]} Qxc3+
{[%clk 0:24:56]} 30. Ka2 {[%clk 0:19:26]} Qa5+ {[%clk 0:25:10]} 31. Kb2
{[%clk 0:18:26]} Qb4+ {[%clk 0:25:33]} 32. Ka1 {[%clk 0:18:44]} Qa3+
{[%clk 0:25:47]} 33. Kb1 {[%clk 0:19:10]} Rb8+ {[%clk 0:26:03]} 34. Kc2
{[%clk 0:19:31]} Rb2+ {[%clk 0:26:27]} 35. Kc1 {[%clk 0:19:57]} Qa1#
{[%clk 0:26:53]} 0-1